[Event "Team Championship Russia (Rapid, Men)"]
[Site "Sochi"]
[Date "2018.10.08"]
[Round "4.2"]
[White "Savchenko, Boris"]
[Black "Grachev, Boris"]
[Result "1/2-1/2"]
[BlackElo "2667"]
[WhiteElo "2652"]
[LiveChessVersion "1.4.8"]

1. e4 {[%clk 0:15:18]} c5 {[%clk 0:15:19]} 2. Nf3 {[%clk 0:15:27]} e6
{[%clk 0:15:28]} 3. d4 {[%clk 0:15:35]} cxd4 {[%clk 0:15:36]} 4. Nxd4
{[%clk 0:15:44]} Nc6 {[%clk 0:15:45]} 5. Nc3 {[%clk 0:15:51]} a6 {[%clk 0:15:53]}
6. Be2 {[%clk 0:15:41]} Qc7 {[%clk 0:15:59]} 7. O-O {[%clk 0:15:38]} Nf6
{[%clk 0:16:06]} 8. Be3 {[%clk 0:15:37]} Be7 {[%clk 0:16:04]} 9. f4
{[%clk 0:15:42]} d6 {[%clk 0:16:12]} 10. a3 {[%clk 0:14:28]} O-O {[%clk 0:16:18]}
11. Qe1 {[%clk 0:14:36]} Nxd4 {[%clk 0:16:25]} 12. Bxd4 {[%clk 0:14:45]} b5
{[%clk 0:16:34]} 13. Qg3 {[%clk 0:14:51]} Bb7 {[%clk 0:16:34]} 14. Rae1
{[%clk 0:14:25]} Bc6 {[%clk 0:14:47]} 15. e5 {[%clk 0:13:56]} dxe5
{[%clk 0:14:30]} 16. Bxe5 {[%clk 0:14:04]} Qa7+ {[%clk 0:11:28]} 17. Kh1
{[%clk 0:14:12]} g6 {[%clk 0:10:48]} 18. Bd3 {[%clk 0:11:04]} Nh5
{[%clk 0:10:04]} 19. Qh3 {[%clk 0:10:13]} f5 {[%clk 0:09:08]} 20. Ne2
{[%clk 0:06:14]} Rad8 {[%clk 0:06:57]} 21. c3 {[%clk 0:05:15]} Nf6
{[%clk 0:06:06]} 22. Nd4 {[%clk 0:05:15]} Bd5 {[%clk 0:06:15]} 23. Be2
{[%clk 0:01:11]} Nd7 {[%clk 0:01:42]} 24. Bf3 {[%clk 0:01:15]} Nxe5
{[%clk 0:01:48]} 25. Rxe5 {[%clk 0:01:19]} Bf6 {[%clk 0:01:34]} 26. Nxe6
{[%clk 0:00:24]} Bxe5 {[%clk 0:01:12]} 27. Nxd8 {[%clk 0:00:30]} Rxd8
{[%clk 0:00:22]} 28. fxe5 {[%clk 0:00:38]} Qe7 {[%clk 0:00:18]} 29. Re1
{[%clk 0:00:42]} Be4 {[%clk 0:00:17]} 30. Qg3 {[%clk 0:00:13]} Rd3
{[%clk 0:00:16]} 31. Qf4 {[%clk 0:00:14]} g5 {[%clk 0:00:21]} 32. Qg3
{[%clk 0:00:16]} h6 {[%clk 0:00:12]} 33. h3 {[%clk 0:00:20]} Kg7 {[%clk 0:00:15]}
34. Re2 {[%clk 0:00:18]} Rd5 {[%clk 0:00:13]} 35. e6 {[%clk 0:00:16]} Qxe6
{[%clk 0:00:17]} 36. Bxe4 {[%clk 0:00:19]} fxe4 {[%clk 0:00:21]} 37. Qc7+
{[%clk 0:00:25]} Kg6 {[%clk 0:00:26]} 38. Kg1 {[%clk 0:00:19]} Rd6
{[%clk 0:00:23]} 39. Qc5 {[%clk 0:00:13]} Rd1+ {[%clk 0:00:25]} 40. Kh2
{[%clk 0:00:22]} Rd5 {[%clk 0:00:19]} 41. Qc7 {[%clk 0:00:29]} Qe5+
{[%clk 0:00:19]} 42. Qxe5 {[%clk 0:00:37]} Rxe5 {[%clk 0:00:28]} 43. g4
{[%clk 0:00:42]} Kf6 {[%clk 0:00:29]} 44. Kg3 {[%clk 0:00:50]} Re6
{[%clk 0:00:34]} 45. Rf2+ {[%clk 0:00:57]} Ke7 {[%clk 0:00:35]} 46. Rf5
{[%clk 0:01:02]} e3 {[%clk 0:00:30]} 47. Rf1 {[%clk 0:01:10]} Kd6
{[%clk 0:00:38]} 48. b3 {[%clk 0:01:10]} Kd5 {[%clk 0:00:47]} 49. Rd1+
{[%clk 0:01:19]} Kc5 {[%clk 0:00:25]} 50. Kf3 {[%clk 0:01:26]} a5
{[%clk 0:00:26]} 51. Re1 {[%clk 0:01:32]} a4 {[%clk 0:00:26]} 52. bxa4
{[%clk 0:01:33]} bxa4 {[%clk 0:00:35]} 53. Rxe3 {[%clk 0:01:40]} Rf6+
{[%clk 0:00:41]} 54. Ke2 {[%clk 0:01:27]} Kc4 {[%clk 0:00:48]} 55. Re5
{[%clk 0:00:22]} Kb3 {[%clk 0:00:15]} 56. Rb5+ {[%clk 0:00:30]} Kxa3
{[%clk 0:00:21]} 57. c4 {[%clk 0:00:30]} Rf4 {[%clk 0:00:13]} 58. c5
{[%clk 0:00:25]} Rc4 {[%clk 0:00:16]} 59. Kd3 {[%clk 0:00:31]} Rc1
{[%clk 0:00:23]} 60. Kd4 {[%clk 0:00:35]} Ka2 {[%clk 0:00:25]} 61. Kd5
{[%clk 0:00:37]} Rd1+ {[%clk 0:00:16]} 62. Ke6 {[%clk 0:00:40]} Re1+
{[%clk 0:00:21]} 63. Kf6 {[%clk 0:00:15]} a3 {[%clk 0:00:19]} 64. c6
{[%clk 0:00:18]} Rc1 {[%clk 0:00:25]} 65. Rb6 {[%clk 0:00:26]} Ka1
{[%clk 0:00:16]} 66. Kg6 {[%clk 0:00:34]} Rc3 {[%clk 0:00:22]} 67. Kxh6
{[%clk 0:00:40]} Rxh3+ {[%clk 0:00:30]} 68. Kxg5 {[%clk 0:00:48]} Rc3
{[%clk 0:00:33]} 69. Kf4 {[%clk 0:00:21]} a2 {[%clk 0:00:35]} 70. g5
{[%clk 0:00:28]} Rc4+ {[%clk 0:00:24]} 71. Ke5 {[%clk 0:00:27]} Rc5+
{[%clk 0:00:20]} 72. Kd6 {[%clk 0:00:33]} Rxg5 {[%clk 0:00:23]} 73. Kc7
{[%clk 0:00:24]} 1/2-1/2

[Event "Team Championship Russia (Rapid, Men)"]
[Site "Sochi"]
[Date "2018.10.08"]
[Round "4.3"]
[White "Zvjaginsev, Vadim"]
[Black "Iljiushenok, Ilia"]
[Result "0-1"]
[BlackElo "2611"]
[WhiteElo "2566"]
[LiveChessVersion "1.4.8"]

1. e4 {[%clk 0:15:19]} e5 {[%clk 0:15:19]} 2. Nf3 {[%clk 0:15:27]} Nc6
{[%clk 0:15:28]} 3. g3 {[%clk 0:15:36]} Nf6 {[%clk 0:15:36]} 4. d3
{[%clk 0:15:45]} Bc5 {[%clk 0:15:21]} 5. Bg2 {[%clk 0:15:53]} d6 {[%clk 0:15:30]}
6. c3 {[%clk 0:15:56]} a6 {[%clk 0:15:35]} 7. O-O {[%clk 0:15:59]} O-O
{[%clk 0:15:29]} 8. Nbd2 {[%clk 0:15:48]} Re8 {[%clk 0:15:27]} 9. b4
{[%clk 0:15:24]} Ba7 {[%clk 0:15:36]} 10. Bb2 {[%clk 0:15:29]} h6
{[%clk 0:14:59]} 11. a3 {[%clk 0:15:33]} Ne7 {[%clk 0:13:37]} 12. d4
{[%clk 0:15:33]} Ng6 {[%clk 0:13:46]} 13. c4 {[%clk 0:15:06]} Bg4
{[%clk 0:13:21]} 14. h3 {[%clk 0:14:54]} Bxd4 {[%clk 0:13:04]} 15. Bxd4
{[%clk 0:14:36]} Bxf3 {[%clk 0:13:13]} 16. Nxf3 {[%clk 0:14:44]} exd4
{[%clk 0:13:21]} 17. Nxd4 {[%clk 0:14:52]} Nxe4 {[%clk 0:12:55]} 18. Qc2
{[%clk 0:13:02]} d5 {[%clk 0:11:05]} 19. cxd5 {[%clk 0:13:10]} Nf6
{[%clk 0:10:41]} 20. Qc5 {[%clk 0:08:23]} Ne7 {[%clk 0:07:27]} 21. Rfe1
{[%clk 0:08:28]} Qd7 {[%clk 0:07:31]} 22. Re5 {[%clk 0:06:08]} Nexd5
{[%clk 0:05:46]} 23. Rae1 {[%clk 0:05:03]} c6 {[%clk 0:05:04]} 24. Nf5
{[%clk 0:05:00]} Rxe5 {[%clk 0:04:49]} 25. Rxe5 {[%clk 0:05:08]} Re8
{[%clk 0:04:51]} 26. Rxe8+ {[%clk 0:04:41]} Qxe8 {[%clk 0:04:24]} 27. Qd4
{[%clk 0:04:46]} Qe1+ {[%clk 0:03:57]} 28. Kh2 {[%clk 0:04:54]} Qe6
{[%clk 0:04:06]} 29. g4 {[%clk 0:04:45]} h5 {[%clk 0:04:00]} 30. Bxd5
{[%clk 0:04:00]} cxd5 {[%clk 0:04:03]} 31. Qf4 hxg4 {[%clk 0:03:56]} 32. hxg4
{[%clk 0:03:45]} g6 {[%clk 0:02:38]} 33. Nd4 {[%clk 0:03:23]} Qe5
{[%clk 0:02:41]} 34. Qxe5 {[%clk 0:02:43]} Nxg4+ {[%clk 0:02:50]} 35. Kg3
{[%clk 0:02:52]} Nxe5 {[%clk 0:02:59]} 36. Nb3 {[%clk 0:02:51]} b6
{[%clk 0:02:51]} 37. a4 {[%clk 0:02:58]} Kf8 {[%clk 0:02:36]} 38. a5
{[%clk 0:02:51]} bxa5 {[%clk 0:02:45]} 39. bxa5 {[%clk 0:02:55]} Nc6
{[%clk 0:02:31]} 40. Nc5 {[%clk 0:02:57]} Nxa5 {[%clk 0:02:39]} 41. Kf4
{[%clk 0:02:55]} Nc6 {[%clk 0:02:22]} 42. Nxa6 {[%clk 0:02:59]} Ke7
{[%clk 0:02:31]} 43. Nc7 {[%clk 0:02:58]} Kd6 {[%clk 0:02:39]} 44. Ne8+
{[%clk 0:03:02]} Kd7 {[%clk 0:02:48]} 45. Nf6+ {[%clk 0:03:03]} Ke6
{[%clk 0:02:57]} 46. Nh7 {[%clk 0:03:07]} Ne5 {[%clk 0:02:49]} 47. Ng5+
{[%clk 0:03:13]} Kd6 {[%clk 0:02:58]} 48. Nh7 {[%clk 0:03:06]} Nd7
{[%clk 0:02:43]} 49. Ng5 {[%clk 0:03:04]} f6 {[%clk 0:02:41]} 50. Nf3
{[%clk 0:03:03]} Nc5 {[%clk 0:02:46]} 51. Ke3 {[%clk 0:03:03]} Ne6
{[%clk 0:02:40]} 52. Ne1 {[%clk 0:03:03]} g5 {[%clk 0:02:37]} 53. Nf3
{[%clk 0:02:56]} f5 {[%clk 0:02:41]} 54. Kd3 {[%clk 0:03:05]} Ke7
{[%clk 0:02:32]} 55. Ne5 {[%clk 0:03:09]} f4 {[%clk 0:02:11]} 56. Ng4
{[%clk 0:02:22]} Kd6 {[%clk 0:02:02]} 57. Nf6 {[%clk 0:02:29]} Ke5
{[%clk 0:01:55]} 58. Ng4+ {[%clk 0:02:36]} Kd6 {[%clk 0:01:50]} 59. Nf6
{[%clk 0:02:45]} Nd8 {[%clk 0:01:07]} 60. Nh7 {[%clk 0:01:49]} Nf7
{[%clk 0:00:57]} 61. Kd4 {[%clk 0:01:33]} Ke6 {[%clk 0:01:04]} 62. f3
{[%clk 0:01:16]} Kd6 {[%clk 0:01:03]} 63. Nf6 {[%clk 0:01:10]} Ne5
{[%clk 0:01:07]} 64. Ne8+ {[%clk 0:00:56]} Ke6 {[%clk 0:01:16]} 65. Ng7+
{[%clk 0:01:02]} Kf7 {[%clk 0:01:10]} 66. Nh5 {[%clk 0:00:55]} Nxf3+
{[%clk 0:01:03]} 67. Kxd5 {[%clk 0:01:04]} Nh4 {[%clk 0:00:42]} 68. Ke4
{[%clk 0:00:51]} f3 {[%clk 0:00:44]} 69. Ng3 {[%clk 0:00:27]} Kf6
{[%clk 0:00:39]} 70. Nh5+ {[%clk 0:00:33]} Kg6 {[%clk 0:00:46]} 71. Ng3
{[%clk 0:00:42]} Kf6 {[%clk 0:00:20]} 72. Nh5+ {[%clk 0:00:50]} Ke6
{[%clk 0:00:29]} 73. Ng3 {[%clk 0:00:52]} Kd6 {[%clk 0:00:21]} 74. Kd4
{[%clk 0:00:51]} Ke6 {[%clk 0:00:18]} 75. Ke4 {[%clk 0:01:00]} Kf6
{[%clk 0:00:27]} 76. Nh5+ {[%clk 0:01:09]} Kf7 {[%clk 0:00:36]} 77. Ng3
{[%clk 0:01:09]} Kg6 {[%clk 0:00:46]} 78. Ke5 {[%clk 0:00:22]} Ng2
{[%clk 0:00:25]} 79. Ke4 {[%clk 0:00:24]} g4 {[%clk 0:00:35]} 80. Nf1
{[%clk 0:00:34]} Kg5 {[%clk 0:00:36]} 81. Nd2 {[%clk 0:00:12]} f2
{[%clk 0:00:29]} 82. Nf1 {[%clk 0:00:13]} Kh4 {[%clk 0:00:31]} 83. Kd3
{[%clk 0:00:21]} g3 {[%clk 0:00:35]} 84. Ke2 {[%clk 0:00:29]} Kh3
{[%clk 0:00:35]} 0-1

[Event "Team Championship Russia (Rapid, Men)"]
[Site "Sochi"]
[Date "2018.10.08"]
[Round "4.4"]
[White "Indjic, Aleksandar"]
[Black "Kobalia, Mikhail"]
[Result "1/2-1/2"]
[BlackElo "2617"]
[WhiteElo "2566"]
[LiveChessVersion "1.4.8"]

1. d4 {[%clk 0:15:17]} d5 {[%clk 0:15:19]} 2. c4 {[%clk 0:15:25]} c6
{[%clk 0:15:28]} 3. Nf3 {[%clk 0:15:32]} Nf6 {[%clk 0:15:37]} 4. Nc3
{[%clk 0:15:40]} a6 {[%clk 0:15:46]} 5. a4 {[%clk 0:15:46]} e6 {[%clk 0:15:50]}
6. Bf4 {[%clk 0:15:54]} c5 {[%clk 0:15:16]} 7. e3 {[%clk 0:13:00]} Nc6
{[%clk 0:15:24]} 8. Be2 {[%clk 0:13:09]} cxd4 {[%clk 0:15:10]} 9. exd4
{[%clk 0:13:17]} Be7 {[%clk 0:15:01]} 10. O-O {[%clk 0:13:17]} O-O
{[%clk 0:15:10]} 11. Ne5 {[%clk 0:13:24]} dxc4 {[%clk 0:15:05]} 12. Nxc6
{[%clk 0:13:29]} bxc6 {[%clk 0:15:14]} 13. Bxc4 {[%clk 0:13:37]} a5
{[%clk 0:15:18]} 14. Re1 {[%clk 0:11:22]} Ba6 {[%clk 0:15:20]} 15. Ba2
{[%clk 0:11:26]} Qb6 {[%clk 0:14:07]} 16. Be5 {[%clk 0:11:14]} Rfd8
{[%clk 0:13:36]} 17. Qf3 {[%clk 0:10:54]} Nd7 {[%clk 0:13:32]} 18. Bg3
{[%clk 0:09:27]} Nf6 {[%clk 0:13:20]} 19. Be5 {[%clk 0:09:33]} Nd7
{[%clk 0:13:29]} 20. Bg3 {[%clk 0:06:58]} Nf6 {[%clk 0:13:38]} 21. Red1
{[%clk 0:06:18]} Rac8 {[%clk 0:12:26]} 22. Be5 {[%clk 0:05:06]} Nd7
{[%clk 0:12:35]} 23. Bf4 {[%clk 0:04:44]} Nf6 {[%clk 0:12:41]} 24. Be5
{[%clk 0:03:45]} Nd7 {[%clk 0:12:48]} 25. Bf4 {[%clk 0:01:58]} Nf6
{[%clk 0:12:56]} 26. Be5 {[%clk 0:00:55]} Nd7 {[%clk 0:05:41]} 27. Bf4
{[%clk 0:00:59]} Qxb2 {[%clk 0:04:20]} 28. Rab1 {[%clk 0:00:52]} Qc2
{[%clk 0:04:29]} 29. Rbc1 {[%clk 0:00:53]} Qb2 {[%clk 0:04:11]} 30. Rb1
{[%clk 0:01:02]} Qc2 {[%clk 0:04:20]} 31. Rbc1 {[%clk 0:00:29]} Qb2
{[%clk 0:03:51]} 32. Rb1 {[%clk 0:00:34]} Qc2 {[%clk 0:04:00]} 33. Bb3
{[%clk 0:00:27]} Qf5 {[%clk 0:03:52]} 34. g4 {[%clk 0:00:36]} Qg6
{[%clk 0:03:59]} 35. Rbc1 {[%clk 0:00:44]} Bg5 {[%clk 0:03:41]} 36. Bxg5
{[%clk 0:00:28]} Qxg5 {[%clk 0:03:50]} 37. Ne4 {[%clk 0:00:35]} Qe7
{[%clk 0:03:54]} 38. g5 {[%clk 0:00:41]} Bb7 {[%clk 0:03:43]} 39. Qf4
{[%clk 0:00:35]} Nf8 {[%clk 0:02:21]} 40. h4 {[%clk 0:00:30]} Ng6
{[%clk 0:02:15]} 41. Qg4 {[%clk 0:00:39]} c5 {[%clk 0:01:48]} 42. Nxc5
{[%clk 0:00:39]} Bd5 {[%clk 0:01:57]} 43. Bxd5 {[%clk 0:00:37]} Rxd5
{[%clk 0:01:55]} 44. Ne4 {[%clk 0:00:45]} Rxc1 {[%clk 0:01:32]} 45. Rxc1
{[%clk 0:00:54]} f5 {[%clk 0:01:17]} 46. gxf6 {[%clk 0:01:00]} gxf6
{[%clk 0:01:26]} 47. Rc8+ {[%clk 0:01:07]} Kg7 {[%clk 0:01:33]} 48. Nc5
{[%clk 0:00:58]} f5 {[%clk 0:01:36]} 49. Qg3 {[%clk 0:01:06]} Qxh4
{[%clk 0:01:37]} 50. Rc7+ {[%clk 0:00:58]} Kh6 {[%clk 0:01:39]} 51. Nxe6
{[%clk 0:00:35]} Qxg3+ {[%clk 0:01:36]} 52. fxg3 {[%clk 0:00:44]} Rd6
{[%clk 0:01:43]} 53. Ng7 {[%clk 0:00:39]} Rd5 {[%clk 0:01:23]} 54. Kf2
{[%clk 0:00:42]} Nf8 {[%clk 0:01:02]} 55. Rf7 {[%clk 0:00:30]} Kg6
{[%clk 0:01:04]} 56. Rxf8 {[%clk 0:00:28]} Kxg7 {[%clk 0:01:13]} 57. Ra8
{[%clk 0:00:36]} Rxd4 {[%clk 0:01:13]} 58. Rxa5 {[%clk 0:00:45]} Kg6
{[%clk 0:01:21]} 1/2-1/2

[Event "Team Championship Russia (Rapid, Men)"]
[Site "Sochi"]
[Date "2018.10.08"]
[Round "4.5"]
[White "Nepomniachtchi, Ian"]
[Black "Alekseenko, Kirill"]
[Result "0-1"]
[BlackElo "2668"]
[WhiteElo "2766"]
[LiveChessVersion "1.4.8"]

1. c4 {[%clk 0:15:16]} e5 {[%clk 0:15:13]} 2. Nc3 {[%clk 0:15:24]} d6
{[%clk 0:15:16]} 3. Nf3 {[%clk 0:15:29]} f5 {[%clk 0:15:23]} 4. d4
{[%clk 0:15:36]} e4 {[%clk 0:15:30]} 5. Ng5 {[%clk 0:15:45]} Be7 {[%clk 0:15:26]}
6. Nh3 {[%clk 0:15:27]} Nf6 {[%clk 0:15:31]} 7. g3 {[%clk 0:15:14]} O-O
{[%clk 0:14:34]} 8. Bg2 {[%clk 0:15:23]} c5 {[%clk 0:14:31]} 9. d5
{[%clk 0:15:10]} Na6 {[%clk 0:14:12]} 10. O-O {[%clk 0:15:14]} Ng4
{[%clk 0:13:26]} 11. f3 {[%clk 0:15:13]} exf3 {[%clk 0:13:34]} 12. exf3
{[%clk 0:15:22]} Ne5 {[%clk 0:13:41]} 13. Qe2 {[%clk 0:14:51]} Nc7
{[%clk 0:12:59]} 14. Nf2 {[%clk 0:14:37]} Bf6 {[%clk 0:12:48]} 15. f4
{[%clk 0:14:45]} Nf7 {[%clk 0:12:29]} 16. Qd3 {[%clk 0:14:39]} Bd7
{[%clk 0:12:30]} 17. b3 {[%clk 0:14:08]} b5 {[%clk 0:12:20]} 18. Rb1
{[%clk 0:14:04]} b4 {[%clk 0:11:15]} 19. Ncd1 {[%clk 0:14:12]} a5
{[%clk 0:10:58]} 20. Ne3 {[%clk 0:13:37]} Nh6 {[%clk 0:10:58]} 21. h3 a4
{[%clk 0:10:22]} 22. Bb2 {[%clk 0:13:24]} axb3 {[%clk 0:10:08]} 23. axb3
{[%clk 0:13:31]} Ra2 {[%clk 0:10:08]} 24. Bxf6 {[%clk 0:12:21]} Qxf6
{[%clk 0:10:09]} 25. Rbe1 {[%clk 0:11:09]} Re8 {[%clk 0:08:54]} 26. Ned1
{[%clk 0:11:03]} Ra3 {[%clk 0:07:55]} 27. Qc2 {[%clk 0:11:04]} Qd4
{[%clk 0:07:57]} 28. Kh2 {[%clk 0:11:06]} Rxe1 {[%clk 0:06:53]} 29. Rxe1
{[%clk 0:11:15]} Ne8 {[%clk 0:06:56]} 30. Re2 {[%clk 0:08:35]} Nf6
{[%clk 0:07:01]} 31. Rd2 {[%clk 0:07:08]} Qa1 {[%clk 0:07:10]} 32. Re2
{[%clk 0:06:57]} Qd4 {[%clk 0:07:08]} 33. Rd2 {[%clk 0:06:54]} Qa1
{[%clk 0:07:17]} 34. Bf1 {[%clk 0:06:04]} Nf7 {[%clk 0:06:02]} 35. Bd3
{[%clk 0:06:09]} g6 {[%clk 0:06:09]} 36. Ne3 {[%clk 0:06:00]} Qc3
{[%clk 0:05:44]} 37. Qxc3 {[%clk 0:06:03]} bxc3 {[%clk 0:05:53]} 38. Rc2
{[%clk 0:06:12]} Rxb3 {[%clk 0:05:59]} 39. Nfd1 {[%clk 0:05:49]} Nd8
{[%clk 0:06:00]} 40. Ra2 {[%clk 0:05:50]} Nb7 {[%clk 0:05:23]} 41. Bc2
{[%clk 0:05:58]} Rb4 {[%clk 0:05:33]} 42. Nxc3 {[%clk 0:06:03]} Kf7
{[%clk 0:05:33]} 43. Kg2 Ke7 {[%clk 0:04:58]} 44. Kf3 {[%clk 0:06:10]} h5
{[%clk 0:05:08]} 45. Ke2 {[%clk 0:06:07]} Nd8 {[%clk 0:04:31]} 46. Kd3
{[%clk 0:06:11]} Rb7 {[%clk 0:04:14]} 47. Ng2 {[%clk 0:06:14]} Ne4
{[%clk 0:03:56]} 48. Ne2 {[%clk 0:05:52]} Nf7 {[%clk 0:03:02]} 49. Ke3
{[%clk 0:05:42]} Rb4 {[%clk 0:02:56]} 50. Bd3 {[%clk 0:05:37]} Kf6
{[%clk 0:02:51]} 51. Ne1 {[%clk 0:05:39]} Rb3 {[%clk 0:02:39]} 52. Nc2
{[%clk 0:05:13]} Nf2 {[%clk 0:01:58]} 53. Nc1 {[%clk 0:04:44]} Rb1
{[%clk 0:02:07]} 54. Kxf2 {[%clk 0:04:52]} Rxc1 {[%clk 0:02:15]} 55. Ra7
{[%clk 0:04:56]} Be8 {[%clk 0:02:25]} 56. Ne3 {[%clk 0:04:58]} Nh6
{[%clk 0:01:23]} 57. Rh7 {[%clk 0:04:53]} Rc3 {[%clk 0:00:39]} 58. Ke2
{[%clk 0:04:57]} Nf7 {[%clk 0:00:38]} 59. g4 {[%clk 0:04:44]} hxg4
{[%clk 0:00:47]} 60. hxg4 {[%clk 0:04:52]} g5 {[%clk 0:00:33]} 61. fxg5+
{[%clk 0:04:44]} Nxg5 {[%clk 0:00:32]} 62. Rh6+ {[%clk 0:04:51]} Ke5
{[%clk 0:00:37]} 63. Nxf5 {[%clk 0:04:48]} Bd7 {[%clk 0:00:44]} 64. Rg6
{[%clk 0:03:57]} Nh3 {[%clk 0:00:50]} 65. Rg7 {[%clk 0:03:12]} Nf4+
{[%clk 0:00:50]} 66. Kf1 {[%clk 0:03:18]} Rc1+ {[%clk 0:00:57]} 67. Kf2
{[%clk 0:03:22]} Nxd3+ {[%clk 0:01:06]} 68. Ke3 {[%clk 0:03:25]} Bxf5
{[%clk 0:00:43]} 69. gxf5 {[%clk 0:03:04]} Kf6 {[%clk 0:00:30]} 70. Rg6+
{[%clk 0:02:40]} Kxf5 {[%clk 0:00:39]} 71. Rxd6 {[%clk 0:02:49]} Ne5 72. Rd8
{[%clk 0:02:49]} Rc3+ {[%clk 0:00:51]} 73. Ke2 {[%clk 0:02:49]} Rxc4
{[%clk 0:01:00]} 74. Ke3 {[%clk 0:02:46]} Re4+ {[%clk 0:01:03]} 75. Kd2
{[%clk 0:02:55]} Rd4+ {[%clk 0:01:07]} 76. Ke3 {[%clk 0:03:03]} Nc4+
{[%clk 0:01:13]} 77. Kf3 {[%clk 0:03:10]} 0-1

[Event "Team Championship Russia (Rapid, Men)"]
[Site "Sochi"]
[Date "2018.10.08"]
[Round "4.6"]
[White "Alekseev, Evgeny"]
[Black "Potkin, Vladimir"]
[Result "1/2-1/2"]
[BlackElo "2636"]
[WhiteElo "2655"]
[LiveChessVersion "1.4.8"]

1. e4 {[%clk 0:15:17]} c5 {[%clk 0:15:19]} 2. Nf3 {[%clk 0:15:25]} d6
{[%clk 0:15:27]} 3. d4 {[%clk 0:15:17]} cxd4 {[%clk 0:15:36]} 4. Qxd4
{[%clk 0:15:00]} Nf6 {[%clk 0:15:41]} 5. Bb5+ {[%clk 0:14:54]} Bd7
{[%clk 0:15:48]} 6. c4 {[%clk 0:15:00]} g6 {[%clk 0:15:43]} 7. O-O
{[%clk 0:15:04]} Bg7 {[%clk 0:15:52]} 8. Nc3 {[%clk 0:15:06]} O-O
{[%clk 0:15:59]} 9. Qd3 {[%clk 0:15:12]} Bg4 {[%clk 0:15:49]} 10. h3
{[%clk 0:14:44]} Bxf3 {[%clk 0:15:55]} 11. Qxf3 {[%clk 0:14:52]} Nfd7
{[%clk 0:14:04]} 12. Bxd7 {[%clk 0:13:58]} Nxd7 {[%clk 0:14:03]} 13. Bd2
{[%clk 0:12:26]} Ne5 {[%clk 0:13:44]} 14. Qe2 {[%clk 0:12:32]} Rc8
{[%clk 0:13:45]} 15. b3 {[%clk 0:12:40]} e6 {[%clk 0:11:14]} 16. Rfd1
{[%clk 0:12:13]} Qe7 {[%clk 0:11:20]} 17. Rac1 {[%clk 0:12:11]} a6
{[%clk 0:11:15]} 18. Be3 {[%clk 0:11:47]} Rc6 {[%clk 0:11:18]} 19. a4
{[%clk 0:08:46]} f5 {[%clk 0:10:30]} 20. exf5 {[%clk 0:08:38]} gxf5
{[%clk 0:10:34]} 21. Bd4 {[%clk 0:07:44]} Rf7 {[%clk 0:08:52]} 22. a5
{[%clk 0:05:15]} Ng6 {[%clk 0:08:42]} 23. Bb6 {[%clk 0:04:59]} Be5
{[%clk 0:08:32]} 24. Kf1 {[%clk 0:04:25]} Nf4 {[%clk 0:06:21]} 25. Qf3
{[%clk 0:03:58]} Rg7 {[%clk 0:06:22]} 26. g3 {[%clk 0:03:06]} Nxh3
{[%clk 0:06:30]} 27. Qh5 {[%clk 0:03:08]} Ng5 {[%clk 0:06:31]} 28. Bd4
{[%clk 0:03:02]} Nf7 {[%clk 0:05:57]} 29. Ne2 {[%clk 0:03:01]} Rg6
{[%clk 0:05:48]} 30. Be3 {[%clk 0:03:02]} Qf6 {[%clk 0:04:54]} 31. Rd2
{[%clk 0:02:16]} Qg7 {[%clk 0:04:39]} 32. Rdd1 {[%clk 0:01:37]} Bf6
{[%clk 0:03:41]} 33. Nd4 {[%clk 0:01:16]} Bxd4 {[%clk 0:03:24]} 34. Rxd4
{[%clk 0:01:24]} Ne5 {[%clk 0:02:58]} 35. Rcd1 {[%clk 0:00:59]} Qe7
{[%clk 0:02:56]} 36. Bf4 {[%clk 0:00:53]} Nf7 {[%clk 0:02:42]} 37. Bc1
{[%clk 0:01:02]} Ng5 {[%clk 0:01:57]} 38. Bxg5 {[%clk 0:00:53]} Rxg5
{[%clk 0:02:06]} 39. Qh4 {[%clk 0:01:02]} Kf8 {[%clk 0:01:14]} 40. Rxd6
{[%clk 0:00:31]} Rxd6 {[%clk 0:01:23]} 41. Rxd6 {[%clk 0:00:39]} Qxd6
{[%clk 0:01:20]} 42. Qxg5 {[%clk 0:00:44]} Qd3+ {[%clk 0:00:45]} 43. Kg1
{[%clk 0:00:42]} Qxb3 {[%clk 0:00:28]} 44. Qf6+ {[%clk 0:00:47]} Kg8
{[%clk 0:00:22]} 45. Qxe6+ {[%clk 0:00:55]} Kg7 {[%clk 0:00:31]} 46. Qxf5
{[%clk 0:00:30]} Qxc4 {[%clk 0:00:31]} 47. Qd7+ {[%clk 0:00:39]} Kg6
{[%clk 0:00:13]} 48. Qxb7 {[%clk 0:00:46]} h5 {[%clk 0:00:15]} 49. Qb6+
{[%clk 0:00:37]} Kg7 {[%clk 0:00:13]} 50. Qb7+ {[%clk 0:00:35]} Kg6
{[%clk 0:00:22]} 51. Qb6+ {[%clk 0:00:32]} Kg7 {[%clk 0:00:31]} 52. Qd6
{[%clk 0:00:30]} Kf7 {[%clk 0:00:17]} 53. Kh2 {[%clk 0:00:33]} Kg7
{[%clk 0:00:24]} 54. Qe5+ {[%clk 0:00:38]} Kg6 {[%clk 0:00:33]} 55. f4
{[%clk 0:00:36]} Qc2+ {[%clk 0:00:40]} 56. Kh3 {[%clk 0:00:44]} Qc8+
{[%clk 0:00:49]} 57. Kg2 {[%clk 0:00:40]} Qc2+ {[%clk 0:00:42]} 58. Kf3
{[%clk 0:00:48]} Qd1+ {[%clk 0:00:31]} 59. Qe2 {[%clk 0:00:53]} Qh1+
{[%clk 0:00:39]} 60. Ke3 {[%clk 0:00:35]} Qc1+ {[%clk 0:00:39]} 61. Kf3
{[%clk 0:00:24]} Qh1+ {[%clk 0:00:48]} 62. Ke3 {[%clk 0:00:32]} Qc1+
{[%clk 0:00:56]} 63. Kf3 {[%clk 0:00:27]} 1/2-1/2

[Event "Team Championship Russia (Rapid, Men)"]
[Site "Sochi"]
[Date "2018.10.08"]
[Round "4.7"]
[White "Yuffa, Daniil"]
[Black "Romanov, Evgeny"]
[Result "0-1"]
[BlackElo "2527"]
[WhiteElo "2625"]
[LiveChessVersion "1.4.8"]

1. d4 {[%clk 0:15:18]} Nf6 {[%clk 0:15:14]} 2. c4 {[%clk 0:15:26]} b6
{[%clk 0:15:18]} 3. Nf3 {[%clk 0:15:00]} Bb7 {[%clk 0:15:27]} 4. g3
{[%clk 0:15:09]} g6 {[%clk 0:15:25]} 5. Bg2 {[%clk 0:15:17]} Bg7 {[%clk 0:15:34]}
6. O-O {[%clk 0:15:24]} O-O {[%clk 0:15:43]} 7. Nc3 {[%clk 0:14:24]} Ne4
{[%clk 0:15:50]} 8. Bd2 {[%clk 0:14:10]} Nxd2 {[%clk 0:15:39]} 9. Qxd2
{[%clk 0:14:18]} c5 {[%clk 0:15:36]} 10. d5 {[%clk 0:11:58]} d6 {[%clk 0:15:41]}
11. Ne1 {[%clk 0:11:58]} Na6 {[%clk 0:15:38]} 12. f4 {[%clk 0:11:30]} Nc7
{[%clk 0:15:27]} 13. Nd3 {[%clk 0:09:24]} Ba6 {[%clk 0:15:22]} 14. b3
{[%clk 0:07:57]} b5 {[%clk 0:15:29]} 15. Nb2 {[%clk 0:08:01]} bxc4
{[%clk 0:15:18]} 16. Nxc4 {[%clk 0:07:50]} Nb5 {[%clk 0:14:46]} 17. Ne4
{[%clk 0:07:58]} Bxa1 {[%clk 0:13:55]} 18. Rxa1 {[%clk 0:08:07]} Nd4
{[%clk 0:13:59]} 19. e3 {[%clk 0:08:11]} Bxc4 {[%clk 0:14:00]} 20. bxc4
{[%clk 0:08:19]} Nf5 {[%clk 0:14:07]} 21. g4 {[%clk 0:08:03]} Ng7
{[%clk 0:13:29]} 22. Qf2 {[%clk 0:08:00]} Rb8 {[%clk 0:13:19]} 23. f5
{[%clk 0:07:02]} gxf5 {[%clk 0:12:38]} 24. gxf5 {[%clk 0:06:27]} f6
{[%clk 0:12:47]} 25. Kh1 {[%clk 0:05:09]} Qb6 {[%clk 0:10:49]} 26. Rg1
{[%clk 0:04:43]} Qb2 {[%clk 0:10:57]} 27. Qf4 {[%clk 0:03:45]} Kh8
{[%clk 0:10:17]} 28. Bf3 {[%clk 0:02:52]} Rg8 {[%clk 0:08:59]} 29. h4
{[%clk 0:02:28]} Qxa2 {[%clk 0:08:00]} 30. Nc3 {[%clk 0:00:38]} Qc2
{[%clk 0:07:54]} 31. Ne4 {[%clk 0:00:46]} Rb1 {[%clk 0:07:32]} 32. Rxb1
{[%clk 0:00:42]} Qxb1+ {[%clk 0:07:40]} 33. Kh2 {[%clk 0:00:52]} Nh5
{[%clk 0:07:22]} 0-1